| 000 | 00660nam a2200229 a 4500 | ||
|---|---|---|---|
| 008 | |||
| 020 | _a1555703097 | ||
| 049 | 0 | _aMAIN | |
| 050 | 0 | 0 |
_aZ665.2.U6 _bRUB |
| 100 | 1 | _aRubin, Richard. | |
| 245 | 1 | 0 |
_aFoundations of library and information science / _cRichard E. Rubin. |
| 260 |
_aNew York : _bNeal-Schuman , _c1998. |
||
| 300 |
_axi, 495 p. ; _c23 cm. |
||
| 504 | _aIncludes bibliographical references. | ||
| 500 | _aIncludes index. | ||
| 650 | 0 |
_aLibrary science _zUnited States. |
|
| 907 |
_a.b10111098 _b14-10-13 _c14-02-04 |
||
| 003 | |||
| 005 | 20230123133627.0 | ||
| 040 | _cNUST | ||
| 942 | _cBOOKS | ||
| 999 |
_c151877 _d151877 |
||